Una pedagogía para la solidaridad: aportes del cooperativismo de crédito

Este trabajo se propone relatar el acervo pedagógico del cooperativismo de crédito en Argentina desde los albores del siglo XX hasta nuestros días. Para ello se organiza el texto en tres grandes secciones. En la primera, se describen las condiciones históricas que facilitaron el nacimiento del coope...

詳細記述

書誌詳細
第一著者: Imen, Pablo
フォーマット: キット
言語:Spanish
シリーズ:Cooperativismo en el siglo xxi
主題:

MARC

LEADER 00000nsc a2200000 a 4500
001 114202
003 Ucuenca
005 20230717090124.0
008 015121|2012 ag |||||r|||||||||||spa||
020 |a 9789508023513 
040 |b spa 
041 0 |a spa 
082 0 |a 334 
100 1 |a Imen, Pablo  |9 208058 
245 3 |a Una pedagogía para la solidaridad: aportes del cooperativismo de crédito  |c Pablo Imen  |h imp 
264 |a Buenos Aires  |b Espacio  |c 2012 
300 |a 240 páginas:  |c 23 cm 
490 |a Cooperativismo en el siglo xxi 
504 |a incl. ref. 
520 3 |a Este trabajo se propone relatar el acervo pedagógico del cooperativismo de crédito en Argentina desde los albores del siglo XX hasta nuestros días. Para ello se organiza el texto en tres grandes secciones. En la primera, se describen las condiciones históricas que facilitaron el nacimiento del cooperativismo (en la Inglaterra del siglo XIX) sus rasgos fundamentales y su particular trayectoria en Argentina, haciendo foco en el cooperativismo de crédito. La segunda parte da cuenta de las implicancias de los procesos educativos, sus fundamentos y fines, así como de su traducción a propuestas concretas dentro del IMFC y especialmente en el seno del Banco Credicoopáginas: Una tercera y última sección sistematiza, a partir de las experiencias relatadas, algunas inferencias teóricas y metodológicas que permiten dar cuenta de las conquistas y avances, los obstáculos, tensiones, interrogantes y asignaturas pendientes. En un tiempo histórico de grandes mutaciones acompañadas de promesas, posibilidades y riesgos existenciales para la humanidad en su conjunto, el cooperativismo toma la palabra y expone su experiencia para aportar a una nueva organización de la sociedad que establezca relaciones de igualdad, de justicia, de emancipación. Estas páginas se proponen pensar las relaciones entre eí cooperativismo y la educación asumiendo las múltiples fuentes pedagógicas. La realidad, la identidad y las tradiciones, las propias prácticas y discursos organizacionales son fuentes complementarias de los ámbitos formalizados de formación en la entidad solidaria. La educación es ahora considerada bajo perspectivas poco transitadas y se asume por tanto el aporte que la pedagogía existente ha hecho al movimiento educativo como el aporte que el cooperativismo puede realizar a un proyecto pedagógico emancipador. 
650 |a Cooperativismo  |9 10177 
650 |a Solidaridad  |9 22870 
650 0 |a Educacion e historia  |9 30965 
650 |a Argentina  |9 1306 
852 |a UC-CDJBV  |f Compra  |l 1  |m General  |p 20151215  |q 29.00  |r 2  |t 114202  |v jur  |y 5686479  |b 0  |d CDRC  |e CDRC  |g 334 PRIMER PISO  |z 2015-51-21 
852 |a UC-CDJBV  |f Compra  |l 2  |m General  |p 20151215  |q 29.00  |r 2  |t 114203  |v jur  |y 5686480  |b 0  |d CDRC  |e CDRC  |g 334 PRIMER PISO  |z 2015-51-21 
856 |a http://sibuc.ucuenca.edu.ec/portada/114202-cdj.jpg 
942 |c CR  |0 3 
999 |c 136430  |d 136430